000 00423nam a2200133Ia 4500
008 211109s9999||||xx |||||||||||||| ||und||
082 _a361.42
_bFAT-M
100 _aFatter [richard],
245 0 _aMoore Of Venice
260 _bUn Known
_aLondon
_c1959
630 _xGeneral Stack
650 _asocial science
_vSocial problems & services; associationsSocial problems & social welfare in general
_xGeneralia
942 _cBOOK
999 _c15440
_d15440